| 000 | 00625nam a22002297a 4500 | ||
|---|---|---|---|
| 003 | ITZ | ||
| 005 | 20230202134806.0 | ||
| 008 | 230202b |||||||| |||| 00| 0 spa d | ||
| 020 | _a978-607-32-2336-2 | ||
| 035 | _a17278 | ||
| 041 | _aspa | ||
| 050 |
_aTS155 _bR46 2014 |
||
| 082 |
_a658.542 _bR565p 2014 |
||
| 100 | 1 | _aRender, Barry | |
| 245 |
_aPrincipios de administración de operaciones _cBarry Render |
||
| 250 | _a9 | ||
| 260 |
_aMéxico _bPearson Educación _c2014 |
||
| 300 |
_a664 p. _c28 cm. |
||
| 650 | _a1. ADMINISTRACIÓN DE LA PRODUCCIÓN 2. LIBROS ELECTRÓNICOS | ||
| 700 | _aHeizer, Jay | ||
| 942 | _cBK | ||
| 999 |
_c28901 _d28901 |
||